Österreich von A-Z - Statistiken

Allgemein
  • Dieses Quiz wurde 152 mal gespielt
  • Das Durchschnittsergebnis liegt bei 16 aus 26
Antwortstatistiken
Hint Antwort % Korrekt
A Wappentier Österreichs Adler
99%
I Austragungsort Olympischer Winterspiele 1964 und 1976 Innsbruck
93%
S Bekannte Schoko-Torte Sachertorte
92%
M Salzburger Komponist (1756-1791) Wolfgang Amadeus Mozart
90%
G Höchster Berg Österreichs Großglockner
88%
O Staatliche Rundfunkanstalt ORF
87%
E Unter Naturschutz stehende Alpenblume Edelweiß/Enzian
84%
H Ehemals herrschendes Adelsgeschlecht Habsburg
84%
C Symbolfigur des Weihnachtsfestes Christkind
81%
F Begründer der Psychoanalyse Sigmund Freud
75%
P Vergnügungspark in Wien (Wiener...) Wiener Prater
68%
N Größter See Österreichs Neusiedler See
67%
K Letzter Kaiser Österreichs Karl I.
65%
X Österreichische Möbelhauskette XXXLutz
63%
Y Nebenfluss der Donau in Niederösterreich Ybbs
59%
R Bislang einziger deutschsprachiger Song an #1 der US-Charts Rock Me Amadeus
55%
D Jährliches Musikfestival mit freiem Eintritt in Wien Donauinselfest
54%
T Erster österreichischer Gewinner der US Open Dominik Thiem
53%
B Jährliches Theaterfestival am Bodensee Bregenzer Festspiele
42%
L Nebenfluss der Donau in Tirol Lech
39%
W Zweifacher Oscar-Preisträger Christoph Waltz
37%
J Nobelpreisträgerin für Literatur 2004 Elfriede Jelinek
26%
V Bekanntester archäologischer Fund Venus von Willendorf
25%
U Dritter Amtssitz der Vereinten Nationen in Wien UNO-City
21%
Q Österreichische Quizshow Quizmaster
17%
Z Nobelpreisträger für Physik 2022 Anton Zeilinger
9%
Keine übereinstimmenden Quizze gefunden
Verteilung der Resultate
Anzahl Personen mit jedem Resultat
Perzentil nach korrekt beantworteten Fragen
Ihre Resultats-Entwicklung
Sie haben dieses Quiz noch nicht gespielt